Các mẹo để quản lý thì giờ hiệu quả /

Đã lưu trong:
Bibliografiske detaljer
Hovedforfatter: McClusky, Margaret
Andre forfattere: Nguyễn Trọng Đa (dịch)
Format: Sách giấy
Sprog:Vietnamese
Udgivet: TP.HCM : Trẻ, 2000
Tags: Tilføj Tag
Ingen Tags, Vær først til at tagge denne postø!
Thư viện lưu trữ: Thư viện Trường Đại học Đà Lạt
LEADER 00639nam a2200253 4500
001 DLU020017435
005 ##3/28/2001
020 # # |a 978- 
041 # # |a vie 
082 # # |a 650.1  |b MC-M 
100 # # |a McClusky, Margaret 
245 # # |a Các mẹo để quản lý thì giờ hiệu quả /  |c Margaret McClusky; Nguyễn Trọng Đa dịch 
260 # # |a TP.HCM :  |b Trẻ,  |c 2000 
300 # # |a 92 tr.;   |c 15 cm. 
700 # # |a Nguyễn Trọng Đa  |e dịch 
992 # # |a 5700 
994 # # |a DLU 
900 # # |a False 
911 # # |a Administrator 
925 # # |a G 
926 # # |a A 
927 # # |a SH 
980 # # |a Thư viện Trường Đại học Đà Lạt